<?xml version="1.0" encoding="UTF-8"?>
<record
    xmlns:xsi="http://www.w3.org/2001/XMLSchema-instance"
    xsi:schemaLocation="http://www.loc.gov/MARC21/slim http://www.loc.gov/standards/marcxml/schema/MARC21slim.xsd"
    xmlns="http://www.loc.gov/MARC21/slim">

  <leader>00882nam a2200253Ia 4500</leader>
  <controlfield tag="005">20260202132402.0</controlfield>
  <controlfield tag="008">210716s2005    xx            000 0 und d</controlfield>
  <datafield tag="020" ind1=" " ind2=" ">
    <subfield code="a">9780070264380</subfield>
  </datafield>
  <datafield tag="040" ind1=" " ind2=" ">
    <subfield code="c">AIMIT LIBRARY</subfield>
  </datafield>
  <datafield tag="041" ind1=" " ind2=" ">
    <subfield code="a">eng</subfield>
  </datafield>
  <datafield tag="082" ind1=" " ind2=" ">
    <subfield code="a">658.4012</subfield>
    <subfield code="2">10</subfield>
    <subfield code="b">PEAJ</subfield>
  </datafield>
  <datafield tag="100" ind1=" " ind2=" ">
    <subfield code="a">Pearce, John A</subfield>
    <subfield code="9">40707</subfield>
  </datafield>
  <datafield tag="245" ind1=" " ind2=" ">
    <subfield code="a">Strategic management: </subfield>
    <subfield code="b">formulation implementation and control /</subfield>
    <subfield code="c">By John A Pearce ; Richard B Robinson ; Amita Mital</subfield>
  </datafield>
  <datafield tag="250" ind1=" " ind2=" ">
    <subfield code="a">10th ed.</subfield>
  </datafield>
  <datafield tag="260" ind1=" " ind2=" ">
    <subfield code="a">New Delhi :</subfield>
    <subfield code="b">Tata McGraw Hill Publishing Company Ltd ,</subfield>
    <subfield code="c">2008.</subfield>
  </datafield>
  <datafield tag="300" ind1=" " ind2=" ">
    <subfield code="a">xxvi,788p ;</subfield>
    <subfield code="b">PB.</subfield>
    <subfield code="c">24cm.</subfield>
  </datafield>
  <datafield tag="650" ind1=" " ind2=" ">
    <subfield code="a">Strategic Management</subfield>
    <subfield code="9">40708</subfield>
  </datafield>
  <datafield tag="650" ind1=" " ind2=" ">
    <subfield code="a">Strategy Formulation</subfield>
    <subfield code="9">40709</subfield>
  </datafield>
  <datafield tag="650" ind1=" " ind2=" ">
    <subfield code="a">Strategy Implementation, Control and Innovation</subfield>
    <subfield code="9">40710</subfield>
  </datafield>
  <datafield tag="650" ind1=" " ind2=" ">
    <subfield code="a">Cases</subfield>
    <subfield code="9">40711</subfield>
  </datafield>
  <datafield tag="700" ind1=" " ind2=" ">
    <subfield code="a">Robinson, Richard B</subfield>
    <subfield code="9">40712</subfield>
  </datafield>
  <datafield tag="700" ind1=" " ind2=" ">
    <subfield code="a">Mital, Amita.</subfield>
    <subfield code="9">40713</subfield>
  </datafield>
  <datafield tag="942" ind1=" " ind2=" ">
    <subfield code="2">ddc</subfield>
    <subfield code="c">BK</subfield>
    <subfield code="e">10th</subfield>
    <subfield code="k">658.4012 PEAJ</subfield>
  </datafield>
  <datafield tag="999" ind1=" " ind2=" ">
    <subfield code="c">203562</subfield>
    <subfield code="d">203562</subfield>
  </datafield>
  <datafield tag="952" ind1=" " ind2=" ">
    <subfield code="0">0</subfield>
    <subfield code="1">0</subfield>
    <subfield code="2">ddc</subfield>
    <subfield code="4">0</subfield>
    <subfield code="7">0</subfield>
    <subfield code="8">MBA</subfield>
    <subfield code="a">AIMIT</subfield>
    <subfield code="b">AIMIT</subfield>
    <subfield code="d">2009-09-14</subfield>
    <subfield code="g">365.00</subfield>
    <subfield code="i">Bill no:272; Bill dt:2009-09-09</subfield>
    <subfield code="l">5</subfield>
    <subfield code="o">658.4012 PEAJ</subfield>
    <subfield code="p">MBA06128</subfield>
    <subfield code="r">2025-07-21 00:00:00</subfield>
    <subfield code="s">2024-10-18</subfield>
    <subfield code="v">273.75</subfield>
    <subfield code="w">2021-07-16</subfield>
    <subfield code="y">BK</subfield>
  </datafield>
  <datafield tag="952" ind1=" " ind2=" ">
    <subfield code="0">0</subfield>
    <subfield code="1">0</subfield>
    <subfield code="2">ddc</subfield>
    <subfield code="4">0</subfield>
    <subfield code="7">0</subfield>
    <subfield code="8">MBA</subfield>
    <subfield code="a">AIMIT</subfield>
    <subfield code="b">AIMIT</subfield>
    <subfield code="d">2009-09-14</subfield>
    <subfield code="g">365.00</subfield>
    <subfield code="i">Bill no:272; Bill dt:2009-09-09</subfield>
    <subfield code="l">1</subfield>
    <subfield code="o">658.4012 PEAJ</subfield>
    <subfield code="p">MBA06129</subfield>
    <subfield code="r">2025-07-21 00:00:00</subfield>
    <subfield code="s">2024-12-06</subfield>
    <subfield code="v">273.75</subfield>
    <subfield code="w">2021-07-16</subfield>
    <subfield code="y">BK</subfield>
  </datafield>
  <datafield tag="952" ind1=" " ind2=" ">
    <subfield code="0">0</subfield>
    <subfield code="1">0</subfield>
    <subfield code="2">ddc</subfield>
    <subfield code="4">0</subfield>
    <subfield code="7">0</subfield>
    <subfield code="8">MBA</subfield>
    <subfield code="a">AIMIT</subfield>
    <subfield code="b">AIMIT</subfield>
    <subfield code="d">2009-09-14</subfield>
    <subfield code="g">365.00</subfield>
    <subfield code="i">Bill no:272; Bill dt:2009-09-09</subfield>
    <subfield code="l">1</subfield>
    <subfield code="o">658.4012 PEAJ</subfield>
    <subfield code="p">MBA06130</subfield>
    <subfield code="r">2025-07-21 00:00:00</subfield>
    <subfield code="s">2023-12-19</subfield>
    <subfield code="v">273.75</subfield>
    <subfield code="w">2021-07-16</subfield>
    <subfield code="y">BK</subfield>
  </datafield>
  <datafield tag="952" ind1=" " ind2=" ">
    <subfield code="0">0</subfield>
    <subfield code="1">0</subfield>
    <subfield code="2">ddc</subfield>
    <subfield code="4">0</subfield>
    <subfield code="7">0</subfield>
    <subfield code="8">MBA</subfield>
    <subfield code="a">AIMIT</subfield>
    <subfield code="b">AIMIT</subfield>
    <subfield code="d">2009-09-14</subfield>
    <subfield code="g">365.00</subfield>
    <subfield code="i">Bill no:272; Bill dt:2009-09-09</subfield>
    <subfield code="l">1</subfield>
    <subfield code="o">658.4012 PEAJ</subfield>
    <subfield code="p">MBA06131</subfield>
    <subfield code="r">2025-07-21 00:00:00</subfield>
    <subfield code="s">2023-12-19</subfield>
    <subfield code="v">273.75</subfield>
    <subfield code="w">2021-07-16</subfield>
    <subfield code="y">BK</subfield>
  </datafield>
  <datafield tag="952" ind1=" " ind2=" ">
    <subfield code="0">0</subfield>
    <subfield code="1">0</subfield>
    <subfield code="2">ddc</subfield>
    <subfield code="4">0</subfield>
    <subfield code="7">0</subfield>
    <subfield code="8">MBA</subfield>
    <subfield code="a">AIMIT</subfield>
    <subfield code="b">AIMIT</subfield>
    <subfield code="d">2009-09-14</subfield>
    <subfield code="g">365.00</subfield>
    <subfield code="i">Bill no:272; Bill dt:2009-09-09</subfield>
    <subfield code="l">1</subfield>
    <subfield code="o">658.4012 PEAJ</subfield>
    <subfield code="p">MBA06132</subfield>
    <subfield code="r">2025-07-21 00:00:00</subfield>
    <subfield code="s">2023-12-18</subfield>
    <subfield code="v">273.75</subfield>
    <subfield code="w">2021-07-16</subfield>
    <subfield code="y">BK</subfield>
  </datafield>
  <datafield tag="952" ind1=" " ind2=" ">
    <subfield code="0">0</subfield>
    <subfield code="1">0</subfield>
    <subfield code="2">ddc</subfield>
    <subfield code="4">0</subfield>
    <subfield code="7">0</subfield>
    <subfield code="8">MBA</subfield>
    <subfield code="a">AIMIT</subfield>
    <subfield code="b">AIMIT</subfield>
    <subfield code="d">2009-09-14</subfield>
    <subfield code="g">365.00</subfield>
    <subfield code="i">Bill no:272; Bill dt:2009-09-09</subfield>
    <subfield code="l">3</subfield>
    <subfield code="o">658.4012 PEAJ</subfield>
    <subfield code="p">MBA06133</subfield>
    <subfield code="r">2025-07-21 00:00:00</subfield>
    <subfield code="s">2024-10-18</subfield>
    <subfield code="v">273.75</subfield>
    <subfield code="w">2021-07-16</subfield>
    <subfield code="y">BK</subfield>
  </datafield>
  <datafield tag="952" ind1=" " ind2=" ">
    <subfield code="0">0</subfield>
    <subfield code="1">0</subfield>
    <subfield code="2">ddc</subfield>
    <subfield code="4">0</subfield>
    <subfield code="7">0</subfield>
    <subfield code="8">MBA</subfield>
    <subfield code="a">AIMIT</subfield>
    <subfield code="b">AIMIT</subfield>
    <subfield code="d">2009-09-14</subfield>
    <subfield code="g">365.00</subfield>
    <subfield code="i">Bill no:272; Bill dt:2009-09-09</subfield>
    <subfield code="l">0</subfield>
    <subfield code="o">658.4012 PEAJ</subfield>
    <subfield code="p">MBA06134</subfield>
    <subfield code="r">2025-07-21 00:00:00</subfield>
    <subfield code="v">273.75</subfield>
    <subfield code="w">2021-07-16</subfield>
    <subfield code="y">BK</subfield>
  </datafield>
  <datafield tag="952" ind1=" " ind2=" ">
    <subfield code="0">0</subfield>
    <subfield code="1">0</subfield>
    <subfield code="2">ddc</subfield>
    <subfield code="4">0</subfield>
    <subfield code="7">0</subfield>
    <subfield code="8">MBA</subfield>
    <subfield code="a">AIMIT</subfield>
    <subfield code="b">AIMIT</subfield>
    <subfield code="d">2009-09-14</subfield>
    <subfield code="g">365.00</subfield>
    <subfield code="i">Bill no:272; Bill dt:2009-09-09</subfield>
    <subfield code="l">2</subfield>
    <subfield code="o">658.4012 PEAJ</subfield>
    <subfield code="p">MBA06135</subfield>
    <subfield code="r">2025-07-21 00:00:00</subfield>
    <subfield code="s">2023-12-19</subfield>
    <subfield code="v">273.75</subfield>
    <subfield code="w">2021-07-16</subfield>
    <subfield code="y">BK</subfield>
  </datafield>
  <datafield tag="952" ind1=" " ind2=" ">
    <subfield code="0">0</subfield>
    <subfield code="1">0</subfield>
    <subfield code="2">ddc</subfield>
    <subfield code="4">0</subfield>
    <subfield code="7">3</subfield>
    <subfield code="8">MBA</subfield>
    <subfield code="a">AIMIT</subfield>
    <subfield code="b">AIMIT</subfield>
    <subfield code="d">2009-09-14</subfield>
    <subfield code="g">365.00</subfield>
    <subfield code="i">Bill no:272; Bill dt:2009-09-09</subfield>
    <subfield code="l">0</subfield>
    <subfield code="o">658.4012 PEAJ</subfield>
    <subfield code="p">MBA06136</subfield>
    <subfield code="r">2025-07-21 00:00:00</subfield>
    <subfield code="v">273.75</subfield>
    <subfield code="w">2021-07-16</subfield>
    <subfield code="y">BK</subfield>
  </datafield>
  <datafield tag="952" ind1=" " ind2=" ">
    <subfield code="0">0</subfield>
    <subfield code="1">0</subfield>
    <subfield code="2">ddc</subfield>
    <subfield code="4">0</subfield>
    <subfield code="7">0</subfield>
    <subfield code="8">MBA</subfield>
    <subfield code="a">AIMIT</subfield>
    <subfield code="b">AIMIT</subfield>
    <subfield code="d">2009-10-10</subfield>
    <subfield code="g">365.00</subfield>
    <subfield code="i">Bill no:283; Bill dt:2009-09-17</subfield>
    <subfield code="l">0</subfield>
    <subfield code="o">658.4012 PEAJ</subfield>
    <subfield code="p">MBA06463</subfield>
    <subfield code="r">2025-07-21 00:00:00</subfield>
    <subfield code="v">273.75</subfield>
    <subfield code="w">2021-07-16</subfield>
    <subfield code="y">BK</subfield>
  </datafield>
  <datafield tag="952" ind1=" " ind2=" ">
    <subfield code="0">0</subfield>
    <subfield code="1">0</subfield>
    <subfield code="2">ddc</subfield>
    <subfield code="4">0</subfield>
    <subfield code="7">0</subfield>
    <subfield code="8">MBA</subfield>
    <subfield code="a">AIMIT</subfield>
    <subfield code="b">AIMIT</subfield>
    <subfield code="d">2009-10-10</subfield>
    <subfield code="g">365.00</subfield>
    <subfield code="i">Bill no:283; Bill dt:2009-09-17</subfield>
    <subfield code="l">0</subfield>
    <subfield code="o">658.4012 PEAJ</subfield>
    <subfield code="p">MBA06464</subfield>
    <subfield code="r">2025-07-21 00:00:00</subfield>
    <subfield code="v">273.75</subfield>
    <subfield code="w">2021-07-16</subfield>
    <subfield code="y">BK</subfield>
  </datafield>
  <datafield tag="952" ind1=" " ind2=" ">
    <subfield code="0">0</subfield>
    <subfield code="1">0</subfield>
    <subfield code="2">ddc</subfield>
    <subfield code="4">0</subfield>
    <subfield code="7">0</subfield>
    <subfield code="8">MBA</subfield>
    <subfield code="a">AIMIT</subfield>
    <subfield code="b">AIMIT</subfield>
    <subfield code="d">2009-10-10</subfield>
    <subfield code="g">365.00</subfield>
    <subfield code="i">Bill no:283; Bill dt:2009-09-17</subfield>
    <subfield code="l">1</subfield>
    <subfield code="o">658.4012 PEAJ</subfield>
    <subfield code="p">MBA06465</subfield>
    <subfield code="r">2025-07-21 00:00:00</subfield>
    <subfield code="s">2023-03-27</subfield>
    <subfield code="v">273.75</subfield>
    <subfield code="w">2021-07-16</subfield>
    <subfield code="y">BK</subfield>
  </datafield>
  <datafield tag="952" ind1=" " ind2=" ">
    <subfield code="0">0</subfield>
    <subfield code="1">0</subfield>
    <subfield code="2">ddc</subfield>
    <subfield code="4">0</subfield>
    <subfield code="7">0</subfield>
    <subfield code="8">MBA</subfield>
    <subfield code="a">AIMIT</subfield>
    <subfield code="b">AIMIT</subfield>
    <subfield code="d">2009-10-10</subfield>
    <subfield code="g">365.00</subfield>
    <subfield code="i">Bill no:283; Bill dt:2009-09-17</subfield>
    <subfield code="l">0</subfield>
    <subfield code="o">658.4012 PEAJ</subfield>
    <subfield code="p">MBA06466</subfield>
    <subfield code="r">2025-07-21 00:00:00</subfield>
    <subfield code="v">273.75</subfield>
    <subfield code="w">2021-07-16</subfield>
    <subfield code="y">BK</subfield>
  </datafield>
  <datafield tag="952" ind1=" " ind2=" ">
    <subfield code="0">0</subfield>
    <subfield code="1">0</subfield>
    <subfield code="2">ddc</subfield>
    <subfield code="4">0</subfield>
    <subfield code="7">0</subfield>
    <subfield code="8">MBA</subfield>
    <subfield code="a">AIMIT</subfield>
    <subfield code="b">AIMIT</subfield>
    <subfield code="d">2009-10-10</subfield>
    <subfield code="g">365.00</subfield>
    <subfield code="i">Bill no:283; Bill dt:2009-09-17</subfield>
    <subfield code="l">1</subfield>
    <subfield code="o">658.4012 PEAJ</subfield>
    <subfield code="p">MBA06467</subfield>
    <subfield code="r">2025-07-21 00:00:00</subfield>
    <subfield code="s">2023-12-19</subfield>
    <subfield code="v">273.75</subfield>
    <subfield code="w">2021-07-16</subfield>
    <subfield code="y">BK</subfield>
  </datafield>
  <datafield tag="952" ind1=" " ind2=" ">
    <subfield code="0">0</subfield>
    <subfield code="1">0</subfield>
    <subfield code="2">ddc</subfield>
    <subfield code="4">0</subfield>
    <subfield code="7">0</subfield>
    <subfield code="8">MBA</subfield>
    <subfield code="a">AIMIT</subfield>
    <subfield code="b">AIMIT</subfield>
    <subfield code="d">2009-10-10</subfield>
    <subfield code="g">365.00</subfield>
    <subfield code="i">Bill no:283; Bill dt:2009-09-17</subfield>
    <subfield code="l">1</subfield>
    <subfield code="o">658.4012 PEAJ</subfield>
    <subfield code="p">MBA06468</subfield>
    <subfield code="r">2025-07-21 00:00:00</subfield>
    <subfield code="s">2024-10-18</subfield>
    <subfield code="v">273.75</subfield>
    <subfield code="w">2021-07-16</subfield>
    <subfield code="y">BK</subfield>
  </datafield>
  <datafield tag="952" ind1=" " ind2=" ">
    <subfield code="0">0</subfield>
    <subfield code="1">0</subfield>
    <subfield code="2">ddc</subfield>
    <subfield code="4">0</subfield>
    <subfield code="7">0</subfield>
    <subfield code="8">MBA</subfield>
    <subfield code="a">AIMIT</subfield>
    <subfield code="b">AIMIT</subfield>
    <subfield code="d">2009-10-10</subfield>
    <subfield code="g">365.00</subfield>
    <subfield code="i">Bill no:283; Bill dt:2009-09-23</subfield>
    <subfield code="l">0</subfield>
    <subfield code="o">658.4012 PEAJ</subfield>
    <subfield code="p">MBA06518</subfield>
    <subfield code="r">2025-07-21 00:00:00</subfield>
    <subfield code="v">273.75</subfield>
    <subfield code="w">2021-07-16</subfield>
    <subfield code="y">BK</subfield>
  </datafield>
  <datafield tag="952" ind1=" " ind2=" ">
    <subfield code="0">0</subfield>
    <subfield code="1">0</subfield>
    <subfield code="2">ddc</subfield>
    <subfield code="4">0</subfield>
    <subfield code="7">0</subfield>
    <subfield code="8">MCA</subfield>
    <subfield code="a">AIMIT</subfield>
    <subfield code="b">AIMIT</subfield>
    <subfield code="d">2022-06-07</subfield>
    <subfield code="l">0</subfield>
    <subfield code="o">658.4012 PEAJ</subfield>
    <subfield code="p">MCA06764</subfield>
    <subfield code="r">2022-06-07 00:00:00</subfield>
    <subfield code="w">2022-06-07</subfield>
    <subfield code="y">BK</subfield>
  </datafield>
</record>
